Advanced C++ programming styles and idioms
Αποθηκεύτηκε σε:
| Κύριος συγγραφέας: | |
|---|---|
| Μορφή: | Βιβλίο |
| Γλώσσα: | English |
| Δημοσίευση: |
Reading, Mass. :
Addison-Wesley,
c1992
|
| Θέματα: | |
| Ετικέτες: |
Προσθήκη ετικέτας
Δεν υπάρχουν, Καταχωρήστε ετικέτα πρώτοι!
|
MARC
| LEADER | 00000nam a2200000 i 4500 | ||
|---|---|---|---|
| 001 | 1/99807 | ||
| 008 | 000211s1992 eng d | ||
| 020 | |a 0201548550 | ||
| 035 | |l 10057031 | ||
| 040 | |a GR-MY-UA |b gre |e aacr | ||
| 041 | 0 | |a eng | |
| 082 | 0 | |a 005.262 | |
| 100 | 1 | |a Coplien, James O. | |
| 245 | 1 | 0 | |a Advanced C++ programming styles and idioms / |c James O. Coplien |
| 260 | |a Reading, Mass. : |b Addison-Wesley, |c c1992 | ||
| 300 | |a xxiv, 520 p.; |c 24 cm. | ||
| 504 | |a Includes bibliographical references and index | ||
| 650 | 0 | 0 | |a C++ (Computer program language) |
| 852 | |a INST |b SAMOS |e 20000211 |h 005.262 COP |p 005300015743 |q 005300015743 |t BK |y 0 | ||
| 901 | |a BIBL3-2000-1 | ||
| 909 | |a Σ |b 072827 | ||
| 922 | |a 3ΕΛΗ |b 199912 |c ΤΠΕΣ |d ΠΑΠΑΣΩΤΗΡΙΟΥ | ||
| 950 | |a 133-1999-07-20 | ||
| 970 | |a ΓΕΝΟΥΖΟΥ |b ΧΡΥΣΑΝΘΗ |z 2000/02/11 | ||